000 00466cam a2200193ua 4500
020 _c4.00
041 _ahin
_h
082 _a891.54
_bPAN/KA
100 _aPandit Rambahari, Shukla .
245 _aKavya pradeep /
_cPandit Rambahari Shukla.
_hTextual Documents
250 _a14 /
_b.
260 _aIlahabad :
_bHind Bhavan ,
_c1969.
300 _a392 ; .
365 _a4.00
504 _a
942 _cBK
999 _c6362
_d6362